000 00597nam a2200229Ia 4500
003 OSt
005 20220912151457.0
006 a|||||r|||| 00| 0
007 ta
008 220909b |||||||| |||| 00| 0 eng d
024 _a21707
037 _cTextual
040 _aCSL
_beng
_cCSL
041 _aeng
082 _aB2893Q, M9
100 _aWolfe Ronald W
245 0 _aStochastic modeling and the theory of queues
260 _aNew Jersey
_b Prentice-Hall
_c1989
300 _a556p.
_ccm.
942 _hB2893Q, M9
_cTEXL
_2CC
999 _c69379
_d69379